000 01040nam a22002417a 4500
001 BRCA_9317
003 FranzMayer
005 20230918115700.0
008 230816b |||||||| |||| 00| 0 eng d
020 _a0295976810
040 _aMFM
_besp
_cMFM
050 0 _aN6603.2
_bV57 1998
100 1 _4Autor
_aViso, Olga M.
_929063
240 _aCarlos Alfonzo
_hTriumph of the Spirit Carlos Alfonzo a Survey 1975-1991
_linglés/español
245 _aCarlos Alfonzo
_bTriumph of the Spirit Carlos Alfonzo a Survey 1975-1991
260 _aWashington, D.C.
_bUniversity of Wahington Press, Seattle
_c1998
300 _a169
_bIlustraciones a color
_c30 cm
500 _aAnexo 1
505 _aTexto en: inglés y españolIncluye índice temáticoBibliografía: 159-164 pp.Dirigido a: Artistas, historiadores, o cualquier persona con interés en los movimientos artísticos en Cuba
650 1 _2Arte visual
_aHistoria del arte
_vArte en América
_929064
651 2 _2Arte latinoamericano
_aArte cubano
_vSiglo XX
_929065
942 _2lcc
_cB
999 _c10939
_d10939